Symbole pierwiastków chemicznych #1 - Statystyki

Ogólne statystyki
  • Ten quiz został rozwiązany 68 razy
  • Średni wynik to 12 z 13
Statystyki odpowiedzi
Hint Odpowiedź % Poprawnych
He Hel
100%
Li Lit
100%
H Wodór
100%
Fe Żelazo
98%
Au Złoto
98%
Be Beryl
95%
Ag Srebro
95%
Pb Ołów
93%
P Fosfor
90%
Cu Miedź
90%
Hg Rtęć
86%
Ge German
81%
Cd Kadm
67%
Nie znaleziono quizów pasujących do podanych kryteriów
Rozkład punktacji
Procent ludzi z każdym wynikiem
Percentyl według liczby udzielonych odpowiedzi
Twoja historia wyników
Nie rozwiązałeś tego quizu